Gerakan Radikalisme Di Malaysia 1938-1965

Bibliographic Details
Main Author: Ramlah Adam
Format: Book
Published: Kuala Lumpur : Dewan Bahasa Dan Pustaka , 2004
Subjects:

MARC

LEADER 00000cam a2200000 7i4500
001 0000057716
005 20110630.0
008 100119 bm
020 |a 9836271937 
090 0 0 |a 320.5309595 RAM 
100 1 |a Ramlah Adam 
245 1 0 |a Gerakan Radikalisme Di Malaysia 1938-1965   |c Ramlah Adam 
260 |a Kuala Lumpur :   |b Dewan Bahasa Dan Pustaka ,   |c 2004 
300 |a xviii, 470p. :   |b ill. ;   |c 21cm. 
650 0 0 |a Radicalism   |x History   |z Malaysia 
999 |a 0000073387   |b Buku   |c Rak Terbuka   |e PK Aeon Jaya Jusco 
999 |a 0000073388   |b Buku   |c Rak Terbuka   |e Perbadanan Perpustakaan Awam Melaka 
999 |a 0000073562   |b Buku   |c Rak Terbuka   |e Perbadanan Perpustakaan Awam Melaka 
999 |a 0000073563   |b Buku   |c Rak Terbuka   |e Perpustakaan Cawangan Merlimau 
999 |a 0000074644   |b Buku   |c Rak Terbuka   |e Perbadanan Perpustakaan Awam Melaka 
999 |a 0000075738   |b Buku   |c Koleksi Melaka   |e Perbadanan Perpustakaan Awam Melaka 
999 |a 0000075739   |b Buku   |c Rak Terbuka   |e Perbadanan Perpustakaan Awam Melaka 
999 |a 0000088641   |b Buku   |c Rak Terbuka   |e Perbadanan Perpustakaan Awam Melaka 
999 |a 0000088642   |b Buku   |c Rak Terbuka   |e Perbadanan Perpustakaan Awam Melaka 
999 |a 0000088643   |b Buku   |c Rak Terbuka   |e Perbadanan Perpustakaan Awam Melaka 
999 |a 0000110721   |b Buku   |c Rak Terbuka   |e Perbadanan Perpustakaan Awam Melaka 
999 |a 283359   |b Buku   |c Rak Terbuka   |e Perbadanan Perpustakaan Awam Melaka 
999 |a 283360   |b Buku   |c Rak Terbuka   |e Perpustakaan Cawangan Masjid Tanah 
999 |a 283361   |b Buku   |c Rak Terbuka   |e Perpustakaan Cawangan Jasin 
999 |a 283362   |b Buku   |c Rak Terbuka   |e Perbadanan Perpustakaan Awam Melaka